Fictional Vehicles Quiz Stats

 Plays Quiz Updated Dec 17, 2018

     
Support Sporcle.
Go Orange.
Score 0/34 Timer 06:00
0 Plays Today
Hint Vehicle % Correct
Bruce Wayne's alter-ego's carBatmobile
78.2%
The Scooby Doo vanThe Mystery Machine
77.1%
Captain Kirk's primary shipUSS Enterprise
69.3%
1966 song by The BeatlesYellow Submarine
67.3%
The Love BugHerbie
66.5%
Han Solo's spaceshipThe Millennium Falcon
60.5%
Harry Potter's train to school The Hogwarts Express
58.2%
*Time machine from 'Back to the Future'DeLorean DMC-12
56.9%
Bo and Luke's car from the 'Dukes of Hazzard'General Lee
56.1%
Tom Clancy's hunted Soviet submarineRed October
52.1%
Knight Rider's carK.I.T.T.
50.5%
Ms Frizzle's educational transportThe Magic School Bus
49.2%
Yellow Autobot (VW Beetle/Camaro)Bumblebee
47.5%
Owen Wilson voiced car from 'Cars'Lightning McQueen
41.1%
Gilligan's ill fated shipSS Minnow
39.9%
1983 Stephen King evil car novelChristine
32.5%
Commander Adama's BattlestarBattlestar Galactica
31.1%
Hint Vehicle % Correct
*James Bond's car in the novel 'Goldfinger'Aston Martin DB3
30.4%
Submarine in Jules Verne's '20,000 Leagues Under the Sea'The Nautilus
26%
Time machine and spacecraft from Doctor WhoTARDIS
24.4%
Ian Fleming's magical carChitty Chitty Bang Bang
24%
Captain Stubing's Pacific PrincessThe Love Boat
23.7%
Speed Racer's CarThe Mach 5
21.5%
Sir Topham Hatt's 'Really Useful Engine'Thomas the Tank Engine
18.7%
Captain Malcolm Reynolds' Firefly class spaceshipSerenity
17.3%
The car from 'Ghostbusters'Ecto-1
15.9%
British sitcom's eponymous mining spaceshipRed Dwarf
15.4%
1974 Dodge Monaco from the 'Blues Brothers'Bluesmobile
14.2%
Jan Michael Vincent's helicopterAirwolf
14.1%
Spaceship from the 'Hitchhiker's Guide to the Galaxy' (also a Neil Young song)Heart of Gold
12.2%
Roy Scheider's high tech helicopterBlue Thunder
8.8%
Captain Ahab's whaleshipPequod
8.1%
Commercial towing spaceship from 'Alien'Nostromo
7.9%
Nite Owl's flying ship from the 'Watchmen'Archimedes
7%

From the Vault

Literal DC Comics

by strokes_static

This is what your friends who don't read comics imagine when you describe big crossover events.
Remove Ads.
Support Sporcle.
Get the best of Sporcle when you Go Orange. This ad-free experience offers more features, more stats, and more fun while also helping to support Sporcle. Thank you for becoming a member.

Show Comments

Extras

Top Quizzes Today


Score Distribution

Your Account Isn't Verified!

In order to create a playlist on Sporcle, you need to verify the email address you used during registration. Go to your Sporcle Settings to finish the process.

Report this User

Report this user for behavior that violates our Community Guidelines.

Details: